000
00237nam a2200097Ia 4500
001
793357
005
20250826170647.0
008
250824s9999 xx 000 0 und d
245
0
_a
BAMBAŞKA
_c
KAHRAMAN TAZEOĞLU
260
_b
DESTEK YAYINLARI
999
_c
793357
_d
793357